000 00675nam a2200241Ia 4500
003 OSt
005 20221007080039.0
006 a|||||r|||| 00| 0
007 ta
008 221006b |||||||| |||| 00| 0 eng d
024 _a17,995
037 _cTextual
040 _aFLL
_cFLL
_beng
041 _2eng
_aeng
082 _aY31:434:6.2.N7, L7
100 _aPandey S.M. Au.
_9686532
245 0 _aDeveloping the rural poor
260 _aNew Delhi
_bShri ram centre India
_c1977
300 _a192p
_ccm.
700 _a Sodhi J.S. Au.
_9694542
942 _hY31:434:6.2.N7, L7
_cTEXL
_2CC
999 _c1158204
_d1158204